[Event "ESP-chT CECLUB Div2"]
[Site "Linares"]
[Date "2021.08.12"]
[Round "6.6"]
[White "Martinez Fernandez, Raul"]
[Black "Arnijas Fabregas, Marc"]
[Result "1-0"]
[WhiteElo "2177"]
[BlackElo "2048"]
[PlyCount "125"]
[EventDate "2021.08.09"]
[EventType "team-swiss"]
[EventRounds "7"]
[EventCountry "ESP"]
[SourceTitle "CBM 203 Extra"]
[Source "ChessBase"]
[SourceDate "2021.09.30"]
[SourceVersion "1"]
[SourceVersionDate "2021.09.30"]
[SourceQuality "1"]
[WhiteTeam "San Sebastian de los Reyes"]
[BlackTeam "Llinars Escacs"]
[WhiteTeamCountry "ESP"]
[BlackTeamCountry "ESP"]

1. e4 c6 2. d4 d5 3. e5 g6 4. c4 f6 5. f4 Nh6 6. Nf3 Bg4 7. cxd5 cxd5 8. Bb5+ Nc6 9. 0-0 Bg7 10. Qa4 Qb6 11. Nc3 Bxf3 12. Rxf3 0-0 13. Nxd5 Qxd4+ 14. Be3 Qxa4 15. Bxa4 fxe5 16. Bxc6 bxc6 17. Nxe7+ Kh8 18. fxe5 Ng4 19. Rh3 Nxe5 20. Rc1 Rae8 21. Nxc6 Nxc6 22. Rxc6 Bxb2 23. Rd6 Kg8 24. Rd7 a5 25. Bd2 a4 26. Re3 Rxe3 27. Bxe3 a3 28. Bh6 Rc8 29. Kf2 Be5 30. h3 Rc2+ 31. Rd2 Rb2 32. Ke3 Kf7 33. Kd3 Rb4 34. Re2 Bb2 35. Bg5 Rd4+ 36. Kc2 Rc4+ 37. Kb3 Rc7 38. Ka4 h5 39. Kb5 Rb7+ 40. Kc6 Ra7 41. Be3 Re7 42. Rf2+ Ke6 43. Bc5 Rg7 44. Rf3 g5 45. Bxa3 Bxa3 46. Rxa3 g4 47. Re3+ Kf5 48. a4 Kf4 49. Ra3 gxh3 50. gxh3 Rg6+ 51. Kb5 Rg5+ 52. Kb4 Rg1 53. a5 Ke5 54. a6 Rb1+ 55. Rb3 Ra1 56. Kb5 Kd6 57. Kb6 Kd7 58. Kb7 Rc1 59. a7 Rc7+ 60. Ka6 Rc6+ 61. Rb6 Rc8 62. Rb8 Rc6+ 63. Kb5 1-0

[Event "La Pobla de Lillet op-A 28th"]
[Site "La Pobla de Lillet"]
[Date "2018.08.04"]
[Round "4"]
[White "Longa Yauca, Javier"]
[Black "Arnijas Fabregas, Marc"]
[Result "1-0"]
[WhiteElo "2268"]
[BlackElo "2034"]
[PlyCount "115"]
[EventDate "2018.08.01"]
[EventType "swiss"]
[EventRounds "9"]
[EventCountry "ESP"]
[SourceTitle "CBM 185 Extra"]
[Source "ChessBase"]
[SourceDate "2018.07.29"]
[SourceVersion "1"]
[SourceVersionDate "2018.07.29"]
[SourceQuality "1"]

1. d4 d6 2. c4 e5 3. Nf3 e4 4. Nfd2 f5 5. e3 Nf6 6. Nc3 g6 7. f3 exf3 8. Nxf3 Bg7 9. Bd3 0-0 10. 0-0 c6 11. Bd2 Kh8 12. Qb3 Qb6 13. Qa3 Qc7 14. Rae1 Be6 15. Re2 Nbd7 16. Be1 Ne4 17. Nxe4 fxe4 18. Bxe4 Bxc4 19. Bd3 Bxd3 20. Qxd3 d5 21. Bg3 Qa5 22. Bd6 Rf6 23. b4 Qb5 24. Qxb5 cxb5 25. Be5 Ra6 26. Bxg7+ Kxg7 27. e4 Re8 28. e5 Nf8 29. Ng5 h6 30. Nf7 Re7 31. Nxh6 Ne6 32. Ng4 Nxd4 33. Rd2 Nc6 34. Rxd5 Nxb4 35. Rxb5 Nxa2 36. Rfb1 b6 37. R5b3 Ra4 38. h3 Rc4 39. Kh2 Nc1 40. Re3 Na2 41. Rd1 Nb4 42. Rd6 Na6 43. Rf3 Nc5 44. Rff6 Rxg4 45. hxg4 Rxe5 46. Rxg6+ Kh7 47. Rh6+ Kg7 48. Rhg6+ Kh7 49. Rgf6 Kg7 50. Rf5 Re1 51. g5 Re4 52. Kh3 Rb4 53. g6 Kh6 54. g4 Re4 55. Rh5+ Kg7 56. Rh7+ Kf8 57. Rd8+ Re8 58. g7+ 1-0

[Event "Llinars del Valles op-A 10th"]
[Site "Llinars del Valles"]
[Date "2016.04.30"]
[Round "5"]
[White "Arnijas Fabregas, Marc"]
[Black "Prats Safont, Sergi"]
[Result "1-0"]
[WhiteElo "1873"]
[BlackElo "1598"]
[PlyCount "47"]
[EventDate "2016.04.02"]
[EventType "swiss"]
[EventRounds "9"]
[EventCountry "ESP"]
[SourceTitle "CBM 172 Extra"]
[Source "ChessBase"]
[SourceDate "2016.06.21"]
[SourceVersion "1"]
[SourceVersionDate "2016.06.21"]
[SourceQuality "1"]

1. c3 c5 2. b4 e6 3. bxc5 Bxc5 4. d4 Be7 5. e4 d6 6. f4 Nf6 7. Bd3 Qc7 8. Nf3 a6 9. Bb2 b6 10. c4 Bb7 11. Nc3 Nfd7 12. Rc1 0-0 13. 0-0 Re8 14. e5 g6 15. Qe2 Bf8 16. Ng5 Bg7 17. Nce4 Bxe4 18. Nxe4 Bf8 19. Ba3 dxe5 20. Bxf8 Rxf8 21. fxe5 Nc6 22. Qe3 Ne7 23. Qh6 Kh8 24. Ng5 1-0

[Event "Llinars del Valles op-A 10th"]
[Site "Llinars del Valles"]
[Date "2016.04.16"]
[Round "3"]
[White "Arnijas Fabregas, Marc"]
[Black "Romero Perera, Eugeni"]
[Result "0-1"]
[WhiteElo "1873"]
[BlackElo "2001"]
[PlyCount "106"]
[EventDate "2016.04.02"]
[EventType "swiss"]
[EventRounds "9"]
[EventCountry "ESP"]
[SourceTitle "CBM 172 Extra"]
[Source "ChessBase"]
[SourceDate "2016.06.21"]
[SourceVersion "1"]
[SourceVersionDate "2016.06.21"]
[SourceQuality "1"]

1. e4 c5 2. Nf3 d6 3. g3 Nc6 4. Bg2 Nf6 5. Qe2 e5 6. 0-0 Be7 7. c3 0-0 8. Na3 Re8 9. Nc2 Bf8 10. h3 Bd7 11. d3 b5 12. g4 h6 13. g5 hxg5 14. Bxg5 Be7 15. Nh2 Nh7 16. Bxe7 Qxe7 17. Ng4 Qh4 18. f4 Kh8 19. f5 f6 20. Nh2 Ng5 21. Qe3 Rg8 22. Nf3 Nxf3+ 23. Qxf3 g6 24. Ne3 Ne7 25. Qf2 Qxf2+ 26. Rxf2 gxf5 27. exf5 Bc6 28. Ng4 Bxg2 29. Kxg2 Rg5 30. Raf1 Nd5 31. Kh2 Kg7 32. Rg1 Rh8 33. Rf3 Nf4 34. Nf2 Rxg1 35. Kxg1 Kf7 36. Kh2 d5 37. c4 bxc4 38. dxc4 Rb8 39. Ra3 Rb7 40. cxd5 Nxd5 41. b3 Nc3 42. Ra5 Rc7 43. Nd3 c4 44. bxc4 Rxc4 45. Rxa7+ Kg8 46. Ra3 Nb5 47. Ra8+ Kg7 48. a4 Nd4 49. a5 e4 50. Nf4 Rc2+ 51. Kg1 e3 52. Re8 Nf3+ 53. Kf1 Rf2# 0-1

[Event "Catalunya-ch U18 qual"]
[Site "Catalunya"]
[Date "2014.01.25"]
[Round "1.2"]
[White "Arnijas Fabregas, Marc"]
[Black "Centelles Vivas, Aleix"]
[Result "1-0"]
[WhiteElo "2122"]
[BlackElo "2011"]
[PlyCount "165"]
[EventDate "2014.01.25"]
[EventType "swiss"]
[EventRounds "5"]
[EventCountry "ESP"]
[SourceTitle "EXT 2024"]
[Source "ChessBase"]
[SourceDate "2023.10.10"]
[SourceVersion "1"]
[SourceVersionDate "2023.10.10"]
[SourceQuality "1"]

1. Nf3 c5 2. g3 g6 3. Bg2 Bg7 4. 0-0 Nf6 5. c4 0-0 6. Nc3 Nc6 7. d4 cxd4 8. Nxd4 Qb6 9. Ndb5 a6 10. Na4 Qd8 11. Na3 d6 12. Be3 Nd7 13. Rb1 Qc7 14. b4 Nce5 15. Qb3 Ng4 16. Bd2 Nb6 17. Nxb6 Qxb6 18. h3 Nf6 19. Be3 Qc7 20. Bd4 Bd7 21. Qe3 Bc6 22. Bb6 Qd7 23. f3 Ba4 24. Rfc1 d5 25. Bc5 Rfe8 26. f4 Rab8 27. cxd5 Nxd5 28. Qd3 Bc6 29. e4 Nb6 30. Qxd7 Nxd7 31. Bf2 e5 32. f5 gxf5 33. exf5 Bxg2 34. Kxg2 Rec8 35. Nc4 Bh6 36. Be3 Bxe3 37. Nxe3 Nb6 38. Ng4 Kg7 39. Rxc8 Rxc8 40. Nxe5 Rc2+ 41. Kf3 Kf6 42. Ng4+ Kg7 43. Re1 Rxa2 44. Re7 Ra3+ 45. Kf2 Ra2+ 46. Ke1 Nd5 47. Rxb7 Rb2 48. Ne5 Kf6 49. Nd3 Rb1+ 50. Kd2 Kxf5 51. Rxf7+ Kg6 52. Rb7 Rg1 53. Nf4+ Nxf4 54. gxf4 Rh1 55. Rb6+ Kf5 56. Rh6 Kxf4 57. Rxh7 Rb1 58. Kc2 Re1 59. Rh4+ Kg5 60. Rd4 Re6 61. h4+ Kh5 62. Kb3 Rb6 63. Kc4 Rf6 64. Kc5 Rg6 65. Rd6 Rg1 66. Rxa6 Rc1+ 67. Kb5 Kxh4 68. Rg6 Kh5 69. Re6 Rg1 70. Kb6 Kg5 71. b5 Kf5 72. Rd6 Ke5 73. Rd2 Rg7 74. Ka6 Rg1 75. b6 Ra1+ 76. Kb7 Ke6 77. Kb8 Rb1 78. b7 Ke7 79. Rd4 Rc1 80. Ka7 Ra1+ 81. Kb6 Rb1+ 82. Kc6 Ke8 83. Rd5 1-0

[Event "ESP-chT U16"]
[Site "Benidorm"]
[Date "2012.12.09"]
[Round "6"]
[White "Alonso Vara, Maria"]
[Black "Arnijas Fabregas, Marc"]
[Result "1/2-1/2"]
[WhiteElo "1836"]
[BlackElo "1900"]
[PlyCount "32"]
[EventDate "2012.12.06"]
[EventType "team-swiss"]
[EventRounds "6"]
[EventCountry "ESP"]
[SourceTitle "EXT 2022"]
[Source "ChessBase"]
[SourceDate "2021.10.06"]
[SourceVersion "1"]
[SourceVersionDate "2021.10.06"]
[SourceQuality "1"]
[WhiteTeam "Bargas"]
[BlackTeam "Llinars"]
[WhiteTeamCountry "ESP"]
[BlackTeamCountry "ESP"]

1. e4 g6 2. d4 c6 3. Bd3 Bg7 4. c3 d5 5. e5 h5 6. Nf3 Nh6 7. Nh4 c5 8. Bg5 Nc6 9. Bxg6 fxg6 10. Nxg6 Rg8 11. Qxh5 Bg4 12. Qh4 Bf5 13. Qh5 Bg4 14. Qh4 Bf5 15. Qh5 Bg4 16. Qh4 Bf5 1/2-1/2

[Event "Valles Oriental-ch prel"]
[Site "Llinars"]
[Date "2012.02.25"]
[Round "5.2"]
[White "Lafuente Calvillo, Andrea"]
[Black "Arnijas Fabregas, Marc"]
[Result "1/2-1/2"]
[WhiteElo "1974"]
[BlackElo "2059"]
[PlyCount "41"]
[EventDate "2012.01.14"]
[EventType "swiss"]
[EventRounds "5"]
[EventCountry "ESP"]
[SourceTitle "EXT 2024"]
[Source "ChessBase"]
[SourceDate "2023.10.10"]
[SourceVersion "1"]
[SourceVersionDate "2023.10.10"]
[SourceQuality "1"]

1. Nf3 Nf6 2. g3 g6 3. Bg2 Bg7 4. 0-0 c5 5. c4 0-0 6. Nc3 d6 7. d3 e5 8. e4 h6 9. Be3 Nc6 10. Qd2 Ng4 11. Nd5 Nxe3 12. Qxe3 Ne7 13. Nxe7+ Qxe7 14. Ne1 Rb8 15. Nc2 f5 16. exf5 Bxf5 17. Rab1 b5 18. Be4 bxc4 19. dxc4 Qf6 20. b3 h5 21. Qe2 1/2-1/2

[Event "Llinars del Valles op-A 5th"]
[Site "Llinars del Valles"]
[Date "2011.06.04"]
[Round "7"]
[White "Arnijas Fabregas, Marc"]
[Black "Norte Garcia, Andrea"]
[Result "0-1"]
[WhiteElo "1769"]
[BlackElo "1935"]
[PlyCount "68"]
[EventDate "2011.04.30"]
[EventType "swiss"]
[EventRounds "7"]
[EventCountry "ESP"]
[SourceTitle "EXT 2012"]
[Source "ChessBase"]
[SourceDate "2011.11.24"]
[SourceVersion "1"]
[SourceVersionDate "2011.11.24"]
[SourceQuality "1"]

1. e4 c5 2. Nf3 e6 3. d3 Nc6 4. g3 Nge7 5. Bg2 g6 6. h4 h5 7. Qe2 d6 8. c3 Bg7 9. a4 a6 10. Na3 Rb8 11. Bg5 Qc7 12. 0-0 0-0 13. Nh2 e5 14. Rfc1 Be6 15. b4 cxb4 16. cxb4 Qd7 17. Nc2 Rbc8 18. Bd2 d5 19. b5 Nd4 20. Nxd4 exd4 21. Bb4 Rxc1+ 22. Rxc1 Re8 23. f4 dxe4 24. Qxe4 Bd5 25. Qe2 Nf5 26. Qf2 Re3 27. Nf3 Rxd3 28. bxa6 bxa6 29. Qc2 Rxf3 30. Qc8+ Qxc8 31. Rxc8+ Kh7 32. Bxf3 Bxf3 33. Rc7 Bd5 34. Kf2 d3 0-1

[Event "Llinars del Valles op-A 5th"]
[Site "Llinars del Valles"]
[Date "2011.05.14"]
[Round "3"]
[White "Arnijas Fabregas, Marc"]
[Black "Corretja Torrens, Jordi"]
[Result "1-0"]
[WhiteElo "1769"]
[BlackElo "1817"]
[PlyCount "97"]
[EventDate "2011.04.30"]
[EventType "swiss"]
[EventRounds "7"]
[EventCountry "ESP"]
[SourceTitle "EXT 2012"]
[Source "ChessBase"]
[SourceDate "2011.11.24"]
[SourceVersion "1"]
[SourceVersionDate "2011.11.24"]
[SourceQuality "1"]

1. e4 e6 2. d3 d5 3. Qe2 dxe4 4. dxe4 Nc6 5. c3 e5 6. Qc2 Bc5 7. b4 Bb6 8. Nf3 Nf6 9. b5 Na5 10. Nxe5 0-0 11. f4 Ng4 12. Nxg4 Bxg4 13. Be2 Qh4+ 14. g3 Qh3 15. Bxg4 Qxg4 16. Qe2 Qd7 17. Ba3 Rfe8 18. Nd2 a6 19. bxa6 Qa4 20. axb7 Nxb7 21. Nc4 Nc5 22. e5 Rad8 23. 0-0 Nd3+ 24. Nxb6 Qxa3 25. Nc4 Qc5+ 26. Ne3 Qxc3 27. Nf5 Qc5+ 28. Qe3 Qc2 29. Rfd1 Nb2 30. Rxd8 Rxd8 31. Ne7+ Kh8 32. Rc1 Rd1+ 33. Rxd1 Qxd1+ 34. Kg2 Nc4 35. Qf3 Qd2+ 36. Kh3 Qd7+ 37. Qg4 Qd8 38. a4 h6 39. Qc8 Qxc8+ 40. Nxc8 Nb6 41. Nxb6 cxb6 42. Kg4 Kg8 43. Kf3 Kf8 44. Ke4 Ke7 45. Kd5 Kd7 46. f5 h5 47. e6+ fxe6+ 48. fxe6+ Ke7 49. Kc6 1-0

[Event "Llinars del Valles op-A 5th"]
[Site "Llinars del Valles"]
[Date "2011.05.07"]
[Round "2"]
[White "Corrales Adamuz, Cristian"]
[Black "Arnijas Fabregas, Marc"]
[Result "1-0"]
[WhiteElo "1883"]
[BlackElo "1769"]
[PlyCount "59"]
[EventDate "2011.04.30"]
[EventType "swiss"]
[EventRounds "7"]
[EventCountry "ESP"]
[SourceTitle "EXT 2012"]
[Source "ChessBase"]
[SourceDate "2011.11.24"]
[SourceVersion "1"]
[SourceVersionDate "2011.11.24"]
[SourceQuality "1"]

1. c4 c6 2. Nc3 g6 3. e4 d6 4. g3 Nd7 5. Bg2 Bg7 6. Nge2 Ne5 7. d3 Bg4 8. f4 Nf3+ 9. Bxf3 Bxf3 10. Rf1 Bg4 11. Be3 Qa5 12. Qb3 b6 13. Nd4 Bd7 14. f5 c5 15. Ndb5 0-0-0 16. Bd2 gxf5 17. exf5 Bh6 18. 0-0-0 Bxd2+ 19. Rxd2 Nh6 20. f6 Bh3 21. Rf4 Be6 22. fxe7 Rd7 23. Nd5 Bxd5 24. cxd5 a6 25. Nxd6+ Rxd6 26. Ra4 Qb5 27. Qxb5 axb5 28. Ra8+ Kd7 29. Rxh8 Kxe7 30. Rxh7 1-0